|
|
|
|
| LEADER |
01345nam a2200349Ia 4500 |
| 001 |
EBC306126 |
| 003 |
MiAaPQ |
| 005 |
20200520144314.0 |
| 006 |
m o d | |
| 007 |
cr cn||||||||| |
| 008 |
070910s2008 nyu sbe 001 0 eng d |
| 010 |
|
|
|z 2007037206
|
| 020 |
|
|
|z 9780826102584
|
| 020 |
|
|
|z 0826102581
|
| 035 |
|
|
|a (MiAaPQ)EBC306126
|
| 035 |
|
|
|a (Au-PeEL)EBL306126
|
| 035 |
|
|
|a (CaPaEBR)ebr10265521
|
| 035 |
|
|
|a (CaONFJC)MIL181266
|
| 035 |
|
|
|a (OCoLC)476084824
|
| 040 |
|
|
|a MiAaPQ
|c MiAaPQ
|d MiAaPQ
|
| 050 |
|
4 |
|a RT89
|b .N7943 2008
|
| 245 |
0 |
0 |
|a Nursing leadership
|h [electronic resource] :
|b a concise encyclopedia /
|c editor-in-chief, Harriet R. Feldman ; associate editors, Marilyn Jaffe-Ruiz ... [et al.].
|
| 260 |
|
|
|a New York :
|b Springer Pub.,
|c c2008.
|
| 300 |
|
|
|a xxx, 578 p.
|
| 504 |
|
|
|a Includes bibliographical references and index.
|
| 533 |
|
|
|a Electronic reproduction. Ann Arbor, MI : ProQuest, 2015. Available via World Wide Web. Access may be limited to ProQuest affiliated libraries.
|
| 650 |
|
0 |
|a Nursing services
|x Administration
|v Encyclopedias.
|
| 650 |
|
0 |
|a Nurse administrators
|v Encyclopedias.
|
| 655 |
|
4 |
|a Electronic books.
|
| 700 |
1 |
|
|a Feldman, Harriet R.
|
| 710 |
2 |
|
|a ProQuest (Firm)
|
| 856 |
4 |
0 |
|u https://ebookcentral.proquest.com/lib/matrademy/detail.action?docID=306126
|z Click to View
|